Stadtquartiere Zürichs auf einer Karte - Statistiken

Allgemein
  • Dieses Quiz wurde 374 mal gespielt
  • Das Durchschnittsergebnis liegt bei 13 aus 22
Antworten auf der Karte
Die Antworten werden auf der Karte rot bzw. grün angezeigt, abhängig davon wie oft sie richtig erraten wurden.
 
Antwortstatistiken
Stadtteil Stadtquartier % Korrekt
11 Oerlikon
90%
3 Wiedikon
80%
9 Altstetten
77%
11 Seebach
75%
10 Höngg
74%
2 Wollishofen
74%
2 Enge
73%
11 Affoltern
71%
1 Altstadt
68%
12 Schwamendingen
65%
9 Albisrieden
58%
10 Wipkingen
57%
6 Unterstrass
56%
6 Oberstrass
53%
7 Witikon
53%
4 Aussersihl
52%
2 Leimbach
51%
7 Fluntern
47%
5 Industriequartier
47%
7 Hottingen
42%
8 Riesbach
37%
7 Hirslanden
31%
Keine übereinstimmenden Quizze gefunden
Verteilung der Resultate
Anzahl Personen mit jedem Resultat
Perzentil nach korrekt beantworteten Fragen
Ihre Resultats-Entwicklung
Sie haben dieses Quiz noch nicht gespielt